Statystyki dla Reprezentacje niezrzeszone z FIFA

Kliknij tutaj aby rozwiązać quiz!

Ogólne statystyki

  • Ten quiz został rozwiązany 18 razy
  • Średni wynik to 20 z 103

Statystyki odpowiedzi

Reprezentacja% Poprawnych
Watykan
75%
Monako
69%
Grenlandia
56%
Abchazja
50%
Laponia
50%
Osetia Południowa
50%
Czeczenia
44%
Sahara Zachodnia
44%
Tybet
44%
Wielka Brytania
44%
Cypr Północny
38%
Falklandy
38%
Mikronezja
38%
Palau
38%
Somaliland
38%
Wyspa Wielkanocna
38%
Zanzibar
38%
Górski Karabach
31%
Kiribati
31%
Kurdystan
31%
Nauru
31%
Reunion
31%
Tuvalu
31%
Walonia
31%
Wyspy Alandzkie
31%
Gujana Francuska
25%
Korsyka
25%
Mariany Północne
25%
Martynika
25%
Oksytania
25%
Saint-Barthelemy
25%
Saint-Pierre i Miquelon
25%
Sint Maarten
25%
Wyspa Bożego Narodzenia
25%
Wyspa Man
25%
Wyspy Kokosowe
25%
Bonaire
19%
Bretania
19%
Gwadelupa
19%
Jersey
19%
Nicea
19%
Niue
19%
Saba
19%
Saint-Martin
19%
Sardynia
19%
Szetlandy
19%
Alderney
13%
Gagauzja
13%
Gotlandia
13%
Guernsey
13%
Królestwo Obojga Sycylii
13%
Majotta
13%
Mapucze
13%
Minorka
13%
Orkady
13%
Padania
13%
Prowansja
13%
Recja
13%
Rijeka
13%
Rodos
13%
Romowie
13%
Saugeais
13%
Sealand
13%
Sint Eustatius
13%
Wallis i Futuna
13%
Afrochilijczycy
6%
Ajmarowie
6%
Anglesey
6%
Aramejczycy
6%
Casamance
6%
Cascadia
6%
Czagos
6%
Darfur
6%
Fernando de Noronha
6%
Frankonia
6%
Froya
6%
Gozo
6%
Guarani
6%
Helgoland
6%
Hitra
6%
Ilam
6%
Juan Fernandez
6%
Kamerun Południowy
6%
Liberland
6%
Masajowie
6%
Moluki Południowe
6%
Nevis
6%
Papua Zachodnia
6%
Pohnpei
6%
Południowa Dolna Saksonia
6%
Saint Croix
6%
Saint Kitts
6%
Saint Thomas
6%
Sarema
6%
Sark
6%
Serbołużyczanie
6%
Skania
6%
Tatarzy Krymscy
6%
Tortola
6%
Virgin Gorda
6%
Wight
6%
Yap
6%
Hebrydy Zewnętrze
0%

Rozkład punktacji

Percentyl według liczby udzielonych odpowiedzi

Procent ludzi z każdym wynikiem

Twoja historia wyników

Nie rozwiązałeś tego quizu